000 01868nam a2200445 a 4500
999 _c381450
_d381450
003 BLK
005 20250724124447.0
008 200811b bul|||||r ||||||| ||bul||
020 _a9789540914206
040 _aBLK
041 _aBUL
_cBUL
080 _aБългарска литература
_b821.163.2
_x(081)
_z821.163.2(081)
080 _aБългарска литература
_b821.163.2
_x-1
_z821.163.2-1
100 1 _aВазов, Иван Минчов
_eпърви автор
_9363396
139 _aВазов, Иван Минчов
_bВ 15
245 1 0 _aСъчинения
_bВ десет тома
_cИван Вазов, ред. Иван Гранитски, Григорий Вазов, Панко Анчев; предг. Александър Шурбанов, Майкъл Холман.
_nТ. 6
_pПод игото
257 _aBGR
260 _aСофия
_bЗахарий Стоянов
_c2020 -
_9209473
300 _c24 см
380 _aX
505 _rЕдмънд Гос
_tПредговор
700 _91425
_aГос, Едмънд
_eстатия от
700 _91311
_aГранитски, Иван
_eред.
_gДимитров, Иван Йорданов
700 _91311
_aАнчев, Панко Кирилов
_eред.
700 _91311
_aВазов, Григорий Цветанов
_eред.
700 _9401063
_aШурбанов, Александър Владимиров
_eпредг.
700 _9401063
_aХолман, Майкъл
_eпредг.
760 1 _aВазов, Иван
_d2020
_h488 с.
_tТ. 6 Под игото
852 _aЦб 305750
_bЦб
942 _cKNG
_n0
_s1
_014
944 _c2020-08-11
_k30531
_lЦветелина Шанова
999 _d381450
999 _d381450
999 _d381450
999 _d381450
999 _d381447
999 _d381444
999 _d381442
999 _d381436